A strucc tartásának, takarmányozásának és egészségügyének vizsgálata egy Hajdú-Bihar megyei telepen
Elmentve itt :
| Szerző: | |
|---|---|
| További közreműködők: | |
| Dokumentumtípus: | Szakdolgozat |
| Megjelent: |
2003
|
| Kulcsszavak: | Strucctenyésztés Takarmányozás, strucc Tiszagyulaháza |
| Tárgyszavak: | |
| Online Access: | http://diploma.bibl.u-szeged.hu/101352 |
| LEADER | 00806nta a2200229 i 4500 | ||
|---|---|---|---|
| 001 | dipl101352 | ||
| 005 | 20211102081131.0 | ||
| 008 | 211026s2003 hu om 0|| hun d | ||
| 040 | |a SZTE Diploma Repozitórium |b hun | ||
| 041 | |a hun | ||
| 100 | 1 | |a Jacsó István | |
| 245 | 1 | 2 | |a A strucc tartásának, takarmányozásának és egészségügyének vizsgálata egy Hajdú-Bihar megyei telepen |h [elektronikus dokumentum] / |c István Jacsó |
| 260 | |c 2003 | ||
| 300 | |a 39 | ||
| 650 | 4 | |a Agrár | |
| 650 | 4 | |a Agricultural sciences | |
| 650 | 4 | |a Agriculture, forestry and fisheries | |
| 695 | |a Strucctenyésztés | ||
| 695 | |a Takarmányozás, strucc | ||
| 695 | |a Tiszagyulaháza | ||
| 700 | 1 | |a Benk Ákos |e ths | |
| 856 | 4 | 0 | |u http://diploma.bibl.u-szeged.hu/id/eprint/101352/1/2003_jacso_istvan.pdf |z Dokumentum-elérés |